UM Logo

Introduction to information systems/ (Record no. 2798)

MARC details
000 -LEADER
fixed length control field 00536nam a22001697a 4500
008 - FIXED-LENGTH DATA ELEMENTS--GENERAL INFORMATION
fixed length control field 160526b xxu||||| |||| 00| 0 eng d
020 ## - INTERNATIONAL STANDARD BOOK NUMBER
International Standard Book Number 978-981-4272-81-0
082 ## - DEWEY DECIMAL CLASSIFICATION NUMBER
Edition number 2009
Classification number DC 658.05
Item number Sta1i
100 ## - MAIN ENTRY--PERSONAL NAME
9 (RLIN) 9267
Personal name Stair, Ralph M.
245 ## - TITLE STATEMENT
Title Introduction to information systems/
Statement of responsibility, etc. Ralph M. Stair and George W. Reynolds.
260 ## - PUBLICATION, DISTRIBUTION, ETC. (IMPRINT)
Place of publication, distribution, etc. Australia:
Name of publisher, distributor, etc. Cengage,
Date of publication, distribution, etc. c2009.
300 ## - PHYSICAL DESCRIPTION
Extent xii, 464 pages;
Dimensions 24 cm.
500 ## - GENERAL NOTE
General note Includes index.
650 #0 - SUBJECT ADDED ENTRY--TOPICAL TERM
9 (RLIN) 9269
Topical term or geographic name as entry element Information systems.
700 ## - ADDED ENTRY--PERSONAL NAME
9 (RLIN) 9268
Personal name Reynolds, George W.
942 ## - ADDED ENTRY ELEMENTS (KOHA)
Source of classification or shelving scheme Dewey Decimal Classification
Koha item type Circulation
Holdings
Withdrawn status Lost status Source of classification or shelving scheme Damaged status Not for loan Collection code Home library Current library Date acquired Source of acquisition Cost, normal purchase price Total Checkouts Full call number Barcode Date last seen Price effective from Koha item type
    Dewey Decimal Classification     Circulation UM Digos College - LIC UM Digos College - LIC 04/25/2012 Purchased 398.00   DC 658.05 Sta1i 2009 21873 05/15/2025 05/26/2016 Circulation